English in physical science / (Record no. 13026)

000 -LEADER
fixed length control field 00522cam a2200193 i 4500
020 ## - INTERNATIONAL STANDARD BOOK NUMBER
ISBN 0194375102 :
-- 0194375048 (teacher's ed.)
040 ## - CATALOGING SOURCE
Transcribing agency DLC
082 00 - DEWEY DECIMAL CLASSIFICATION NUMBER
Classification number 428 OXF 1974 A022 Or.
100 1# - MAIN ENTRY--AUTHOR NAME
Personal name Allen, J. P. B.
245 10 - TITLE STATEMENT
Title English in physical science /
260 ## - PUBLICATION, DISTRIBUTION, ETC. (IMPRINT)
Place of publication London :
Name of publisher Oxford University Press,
Year of publication 1974.
300 ## - PHYSICAL DESCRIPTION
Number of Pages iii-xi, 104 p. :
Other physical details ill. ;
Dimensions 24 cm.
490 0# - SERIES STATEMENT
Series statement English in focus
650 #0 - SUBJECT ADDED ENTRY--TOPICAL TERM
Topical Term English language
650 #0 - SUBJECT ADDED ENTRY--TOPICAL TERM
Topical Term Physics
650 #0 - SUBJECT ADDED ENTRY--TOPICAL TERM
Topical Term Readers
700 1# - ADDED ENTRY--PERSONAL NAME
Personal name Widdowson, H. G.,
942 ## - ADDED ENTRY ELEMENTS (KOHA)
Koha item type សៀវភៅភាសាអង់គ្លេស
952 ## - LOCATION AND ITEM INFORMATION (KOHA)
Withdrawn status [LOCAL, KOHA] 0
Holdings
Permanent Location Date acquired Koha item type Lost status Shelving location Barcode Current Location Full call number
Library Block A2017-08-19សៀវភៅភាសាអង់គ្លេស A022A18321Library Block A428 OXF 1974 A022 Or.
មជ្ឈមណ្ឌលឯការនៃសាកលវិទ្យាល័យភូមិន្ទកសិកម្មចំការដូង

Powered by Koha